000
00191nam a22000977a 4500
041
_a
eng
080
_a
80
100
_a
Azar, Betty
245
_a
Fundamentals of English Grammar
999
_c
282198
_d
282198
942
_c
BK